American Revolution Quiz- Random - Statistics

General Stats
  • This quiz has been taken 50 times
  • The average score is 10 of 15
Answer Stats
Hint Answer % Correct
Where George Washington and his men spent the winter of 1777-1778- Valley Forge
92%
Did you like this quiz? Yes
92%
Boston Harbor was closed because of this event organized by the Sons of Liberty- Boston Tea Party
89%
Name of the American officer who turned to the British, and is still hated and called a traitor to this day- Benedict Arnold
81%
"Don't fire until you see the _____ of their eyes" whites
81%
What were the names of the German mercenaries who fought for the British during the Revolution- Hessians
78%
Name of the "sword" placed on the end of a musket- Bayonet
76%
General Charles __________, surrendered at Yorktown Cornwallis
65%
Battle of Bunker Hill was actually fought on ______'s Hill Breed
62%
Ethan Allen commanded this militia group, most notably known for capturing Fort Ticonderoga- Green Mountain Boys
59%
Which battle resulted in an American victory, which made the British march back to Boston-Lexington or Concord? Concord
54%
Another name for the Coercive Acts- Intolerable Acts
54%
What was the name of our first Constitution, which gave the state governments all the power and restricted the national government's power Articles of Confederation
51%
Which act allowed British soldiers to enter a home and live in it for however long they needed to? Quartering Act
51%
Who visited Valley Forge and trained the militia to be a fine fighting force, also a Prussian military officer- Baron Von Steuben
16%
No matching quizzes found
Score Distribution
Percent of People with Each Score
Percentile by Number Answered
Your Score History
You have not taken this quiz